Quiz sur le football écossais - Statistiques

Statistiques générales
  • Ce quiz a été pris 87 fois
  • Le résultat moyen est 6 sur 12
Statistiques - réponses
Indice Réponse % Correct
2 principaux clubs de Glasgow Celtic
96%
2 principaux clubs de Glasgow Rangers
93%
Défenseur écossais évoluant à Liverpool Andrew Robertson
75%
Dernier club à avoir été champion, sans compter les 2 clubs précédents Aberdeen
57%
Entraîneur de ce club à l'époque Alex Ferguson
49%
Joueur le plus capé de la sélection Kenny Dalglish
49%
Entraîneur anglais de ce dernier de 2018 à 2021 Steven Gerrard
43%
Joueur français finissant meilleur buteur du championnat d'Écosse en 2020 et 2021 Odsonne Édouard
39%
Un club écossais a perdu la finale de l'Europa League 2022 face à ce club Eintracht Francfort
34%
Milieu écossais qui a évolué à Manchester United de 2002 à 2015 Darren Fletcher
29%
Nom du derby entre ces deux clubs Old Firm
28%
Meilleur buteur de la sélection, à égalité avec la réponse précédente Denis Law
13%
Aucun quiz correspondant
Distribution des résultats
% des personnes avec chaque résultat
Percentile par nombre de réponses
Votre historique - résultats
Vous n’avez pas pris ce quiz